| 000 | 00690nam a2200205Ii 4500 | ||
|---|---|---|---|
| 003 | JO-AjNU | ||
| 008 | 230605s9999||||xx |||||||||||||| ||und|| | ||
| 040 |
_aJO-AjNU _bara _erda _cJO-AjNU |
||
| 041 | _aara | ||
| 050 | 1 | 4 | _aPJ7510.K4 1991 |
| 100 | 3 |
_aتأليف خفاجي، محمد عبد المنعم ؛ عبد العزيز شرف, _eauthor _914627 |
|
| 245 | 0 | 0 | _aالتفسير الإعلامي للأدب العربي |
| 250 | _aط1 | ||
| 264 | 3 | 1 | _aد.م: دار الفكر، 1991 |
| 300 | _a415ص | ||
| 336 |
_atext _btxt _2rdacontent |
||
| 337 |
_aunmediated _bn _2rdamedia |
||
| 338 |
_avolume _bnc _2rdacarrier |
||
| 650 | 4 |
_aالأدب العربي - تفسير ونقد _914628 |
|
| 999 |
_aA3945 _c7513 _d7513 |
||